📖 150 premiers mots "Mémé dans les orties" N1 Valognes - Statistiques

Statistiques générales
  • Ce quiz a Ă©tĂ© pris 22 fois
  • Le rĂ©sultat moyen est 80 sur 150
Statistiques - réponses
Mots % Correct
l'
100%
la
100%
lĂ  ?
100%
Le
100%
le
100%
Ă 
94%
A
94%
a
94%
de
94%
De
94%
Ferdinand
94%
il
94%
Il
94%
les
94%
Brun,
89%
des
89%
Du
89%
en
89%
est-
89%
est
89%
s'
89%
sa
89%
se
89%
son
89%
Son
89%
mĂŞme
83%
qu'
83%
que
83%
ses
83%
Ses
83%
arrivé
78%
au
78%
dans
78%
fait
78%
ne
78%
par ...
78%
pour
78%
qui
78%
toujours.
78%
Toujours
78%
un
78%
vie
78%
vie.
78%
Comment
72%
ces
67%
Lui
67%
lui
67%
Tout
67%
Cette
61%
jamais
56%
ans,
50%
quatre-
50%
sans
50%
sous
50%
sur
50%
toutes
50%
trois
50%
aimé.
44%
années
44%
choses.
44%
vingt-
44%
Cela
39%
ami.
33%
aussi,
33%
bons.
33%
famille,
33%
va
33%
habitué
28%
long
28%
temps.
28%
coeur
22%
seul.
22%
appartement,
17%
existence,
17%
gens.
17%
quitte
17%
valise,
17%
livres
11%
manquer,
11%
abri
6%
bois'
6%
choix,
6%
grosses
6%
papier
6%
Rarement
6%
sens.
6%
serre.
6%
apaise
0%
Avachi
0%
bâche.
0%
cherché
0%
cloche
0%
communauté.
0%
contemple,
0%
'Déménager
0%
déteste
0%
dictés
0%
emplit
0%
familier
0%
fleurs
0%
habite
0%
immédiatement.
0%
impuissant,
0%
inspire
0%
marron
0%
meubles
0%
naphtaline
0%
narines.
0%
odeur
0%
parfum
0%
peint
0%
plastique.
0%
poussière.
0%
profondément :
0%
rangés
0%
reclus,
0%
sacs
0%
Aucun quiz correspondant
Distribution des résultats
% des personnes avec chaque résultat
Percentile par nombre de réponses
Votre historique - résultats
Vous n’avez pas pris ce quiz